| 000 | 00439nam a2200157Ia 4500 | ||
|---|---|---|---|
| 008 | 140316s9999 xx 000 0 und d | ||
| 020 | _a0946688605 | ||
| 082 |
_a638.1 _bADJ/GO |
||
| 100 | _aAdjare,Stephen | ||
| 245 | _aGolden insect : a handbook on beekeeping for beginners | ||
| 260 |
_aLondon _bIntermediate Technology Publications _c1989 |
||
| 300 | _a103 | ||
| 650 | _aApiary management | ||
| 650 | _abee industry | ||
| 942 |
_2ddc _cBK |
||
| 999 |
_c3410 _d3410 |
||